King Jack and the dragon (Record no. 263164)
[ view plain ]
| 000 -LEADER | |
|---|---|
| fixed length control field | 00300nam a22001097a 4500 |
| 020 ## - INTERNATIONAL STANDARD BOOK NUMBER | |
| ISBN | 9780803736986 |
| 100 ## - MAIN ENTRY--AUTHOR NAME | |
| Personal name | Bently, Peter |
| 245 ## - TITLE STATEMENT | |
| Title | King Jack and the dragon |
| 260 ## - PUBLICATION, DISTRIBUTION, ETC. (IMPRINT) | |
| Place of publication | New York : |
| Name of publisher | Dial Books for Young Readers, |
| Year of publication | 2011 |
| 300 ## - PHYSICAL DESCRIPTION | |
| Number of Pages | 1 v. (unpaged) : |
| Other physical details | col. ill. |
| Accompanying material | 30 cm. |
| 942 ## - ADDED ENTRY ELEMENTS (KOHA) | |
| Koha item type | Long Loan Books |
| Withdrawn status | Lost status | Collection code | Home library | Current library | Shelving location | Date acquired | Accession Number | Koha item type |
|---|---|---|---|---|---|---|---|---|
| Fiction | Rongo University Library | Rongo University Library | Children's Area | 05/03/2024 | CL2662021 | Long Loan Books |
